Avondale : (Record no. 25318)

MARC details
000 -LEADER
fixed length control field 00754nam a22002057a 4500
003 - CONTROL NUMBER IDENTIFIER
control field AUA.1
005 - DATE AND TIME OF LATEST TRANSACTION
control field 20260309110802.0
008 - FIXED-LENGTH DATA ELEMENTS--GENERAL INFORMATION
fixed length control field 260309b |||||||| |||| 00| 0 eng d
020 ## - INTERNATIONAL STANDARD BOOK NUMBER
International Standard Book Number 0959933743
040 ## - CATALOGING SOURCE
Transcribing agency JTL
050 ## - LIBRARY OF CONGRESS CALL NUMBER
Classification number BX6111.88
Item number .H66 1998
100 ## - MAIN ENTRY--PERSONAL NAME
Personal name Hook, Milton
245 ## - TITLE STATEMENT
Title Avondale :
Remainder of title experiment on the Dora /
Statement of responsibility, etc Milton Hook.
260 ## - PUBLICATION, DISTRIBUTION, ETC. (IMPRINT)
Place of publication, distribution, etc Cooranbong, NSW :
Name of publisher, distributor, etc Avondale Academic Press,
Date of publication, distribution, etc c1998.
300 ## - PHYSICAL DESCRIPTION
Extent 336, [10] pages :
Other physical details illustrations,
Dimensions 24 cm.
610 ## - SUBJECT ADDED ENTRY--CORPORATE NAME
Corporate name or jurisdiction name as entry element Avondale College, (Cooranbong, N.S.W.)
General subdivision History
650 ## - SUBJECT ADDED ENTRY--TOPICAL TERM
Topical term or geographic name as entry element Universities and Colleges
Form subdivision New South Wales
General subdivision Cooranbong
650 ## - SUBJECT ADDED ENTRY--TOPICAL TERM
Topical term or geographic name as entry element Seventh-day Adventists
Form subdivision Education
General subdivision History
Geographic subdivision Cooranbong, New South Wales
942 ## - ADDED ENTRY ELEMENTS (KOHA)
Source of classification or shelving scheme Library of Congress Classification
Koha item type Books
Classification part BX 6111.88
Item part .H66 1998
Holdings
Withdrawn status Lost status Source of classification or shelving scheme Damaged status Not for loan Collection code Home library Current library Shelving location Date acquired Source of acquisition Cost, normal purchase price Serial Enumeration / chronology Total Checkouts Full call number Barcode Date last seen Cost, replacement price Price effective from Koha item type
    Library of Congress Classification     Books Judith Thomas Library Judith Thomas Library General Stacks 09/03/2026 Donation, Mrs. Lynda Injety 15.00 AUA28064   BX 6111.88 .H66 1998 AUA28064 09/03/2026 15.00 09/03/2026 Books